000 00287nam a2200109Ia 4500
001 1261752
005 20260417140358.0
008 260417s9999 xx 000 0 und d
020 _a9786051415901
245 0 _aTebessüm-i Elem
_cHüseyin Rahmi Gürpınar
260 _bEverest Yayınları
999 _c1261752
_d1261752